| 000 | 00668nam a2200217 a 4500 | ||
|---|---|---|---|
| 005 | 20210223121935.0 | ||
| 008 | 991125s1982 bue 000 0 spa u | ||
| 020 | _a9500820633 | ||
| 035 | _aUPN01000026563 | ||
| 049 | _aCG | ||
| 050 | 4 |
_aHV45 _bT6.38 1982 |
|
| 100 | 1 | _aTorres, Zelia | |
| 245 | 1 | 0 |
_aGrupo instrumento de servicio social / _cZelia Torres ; colab. Estela Mónica Cuatrocchi ; tr. Sela B. Sierra. |
| 250 | _a2a ed. | ||
| 260 |
_aBuenos Aires : _bHvmanitas, _c1982. |
||
| 300 | _a117 p. | ||
| 440 | 0 | _aCuadernos de servicio social | |
| 650 | 4 |
_aGRUPOS SOCIALES - _xTRABAJO _916589 |
|
| 700 | 1 |
_aCuatrocchi, Estela Mónica, _ecolab. |
|
| 905 | _aLibro | ||
| 999 |
_c26563 _d26563 |
||